Mi león /

Guardado en:
Autor Principal: Sadat, Mandana
Formato: Libro
Publicado: Buenos Aires : Fondo de Cultura Económica, 2013
Edición:1a. reimp.
Series:Los Especiales de A la orilla del viento / Miriam Matínez
Materias:
Etiquetas: Agregar Etiqueta
Sin Etiquetas, Sea el primero en etiquetar este registro!
LEADER 00920nam a22002655a 4500
001 CEM.cems015556
008 130507s2013##################000#0#####d
005 20250404143219.0
245 1 0 |a Mi león /  |c Mandana Sadat 
250 |a 1a. reimp. 
260 |a Buenos Aires :  |b Fondo de Cultura Económica,  |c 2013 
300 |a 28 p. 
490 0 |a Los Especiales de A la orilla del viento / Miriam Matínez 
020 |a 9789505578825 
100 1 |a Sadat, Mandana 
082 0 4 |a 843.9 
653 |a Literatura 
653 |a Literatura francesa 
653 |a Literatura infantil 
653 |a Cuentos infantiles 
653 |a Colección ciencias de la educación 
653 |a Libro Álbum 
859 |a CEMS  |b BIB. CEMS - Inicial y Primaria  |h 843.9  |i Sa151  |k IP  |p 4497  |t Ej.1 
859 |a CEMS  |b BIB. CEMS - Inicial y Primaria  |h 843.9  |i Sa151  |k IP  |p 3979  |t Ej.1 
859 |a CEMS  |b BIB. CEMS - Ccias. Educacion  |h 843.9  |i Sa151-1  |k CE  |p 28786.19  |t Ej.1